| Tag |
First Indicator |
Second Indicator |
Subfields |
| LEADER |
00000cam a2200000 a 4500 |
| 001 |
in00001326521 |
| 005 |
20151005074606.0 |
| 008 |
880428s1987 cauab b 000 0 eng d |
| 035 |
|
|
|a (OCoLC)17864222
|
| 035 |
|
|
|9 AHD0081AM
|
| 040 |
|
|
|a FRL
|c FRL
|d CLA
|d TXA
|d UtOrBLW
|
| 043 |
|
|
|a n-us-ca
|
| 049 |
|
|
|a TXAM
|
| 090 |
|
|
|a QE692
|b .B25 1987
|
| 092 |
|
|
|a 557.06
|b So138g, 1987-2
|
| 245 |
0 |
0 |
|a Basin analysis and paleontology of the Paleocene and Eocene Goler Formation, El Paso Mountains, California /
|c editor, Brett F. Cox.
|
| 264 |
|
1 |
|a Los Angeles, Calif., U.S.A. :
|b Pacific Section, Society of Economic Paleontologists and Mineralogists,
|c [1987]
|
| 264 |
|
4 |
|c ©1987
|
| 300 |
|
|
|a 67 pages :
|b illustrations, maps ;
|c 28 cm.
|
| 336 |
|
|
|a text
|b txt
|2 rdacontent
|
| 337 |
|
|
|a unmediated
|b n
|2 rdamedia
|
| 338 |
|
|
|a volume
|b nc
|2 rdacarrier
|
| 490 |
1 |
|
|a Book / Pacific Section, Society of Economic Paleontologists and Mineralogists ;
|v 57
|
| 500 |
|
|
|a "Geologic summary and roadlog"--P.1.
|
| 500 |
|
|
|a "November 7, 1987."
|
| 504 |
|
|
|a Includes bibliographical references.
|
| 650 |
|
0 |
|a Geology, Stratigraphic
|y Paleocene
|x Guidebooks.
|
| 650 |
|
0 |
|a Geology, Stratigraphic
|y Eocene
|x Guidebooks.
|
| 650 |
|
0 |
|a Geology
|z California
|z El Paso Mountains
|x Guidebooks.
|
| 650 |
|
0 |
|a Paleontology
|z California
|z El Paso Mountains
|x Guidebooks.
|
| 651 |
|
0 |
|a El Paso Mountains Wilderness (Calif.)
|x Guidebooks.
|
| 700 |
1 |
|
|a Cox, Brett F.
|
| 710 |
2 |
|
|a Society of Economic Paleontologists and Mineralogists.
|b Pacific Section.
|
| 830 |
|
0 |
|a Book (Society of Economic Paleontologists and Mineralogists. Pacific Section) ;
|v 57.
|
| 999 |
|
|
|a MARS
|
| 999 |
f |
f |
|s debc98ea-02e7-3eef-84a5-697d180bd12b
|i 2a425197-3b08-314a-9603-6bd47764f74b
|t 0
|
| 952 |
f |
f |
|p ric
|a Texas A&M University
|b Rellis Campus
|c Joint Library Facility
|d Remote Storage
|t 0
|e QE692 .B25 1987
|h Library of Congress classification
|i unmediated -- volume
|m A14820620461
|
| 998 |
f |
f |
|a QE692 .B25 1987
|t 0
|l Remote Storage
|